000 01193naa a22003257a 4500
001 BR8501843
003 BR-BrBNA
005 20240918175559.0
007 ta
008 230509b bl.||||| |||| 00| 0 por d
040 _aBR-BrBNA
_bpor
_cBiblioteca Nacional de Agricultura
041 _a(Pt)
072 _aE70
_b3801
_b3870
_bG514
090 _aE70 BR8501843
100 1 _aOliveira, J.A.S.
100 1 _aBrandt, S.A.
100 1 _aPaniago, E.
100 1 _aRezende, A.M.
111 1 _a1. Congresso Brasileiro de Marketing Rural
_cLavras, MG (Brazil)
_d25 Nov 1984
245 1 _aMarketing de insumos agricolas modernos: um modelo translog aplicado ao mercado brasileiro
260 3 _aLavras, MG (Brasil):
_c1984.
500 _a1. Congresso Brasileiro de Marketing Rural. Extrato dos trabalhos para debates Lavras, MG (Brasil): 1984. p. 5-9 (BR8501843-AM)E70
650 _aPESQUISA DE MERCADO
650 _aDEMANDA
650 _aFERTILIZANTE
650 _aDEFENSIVO
773 0 _t1. Congresso Brasileiro de Marketing Rural. Extrato dos trabalhos para debates
_wE70 BR8501843
_gLavras, MG (Brasil), 1984. p. 5-9
909 _a202404
_bLucia
_c55
_dLucia Elande
942 _cAM
_2AGRIS
999 _c317309
_d317309